Statistics for Boston Celtics All-Time Roster

Click here to take the quiz!

General Stats

  • This quiz has been taken 295 times
  • The average score is 9 of 12

Answer Stats

PostPlayer% Correct
PFLarry Bird
98%
CBill Russell
98%
SFPaul Pierce
95%
BNKevin Garnett
92%
PGBob Cousy
90%
BNKevin McHale
87%
SGJohn Havlicek
82%
BNRobert Parish
78%
BNSam Jones
61%
BNDave Cowens
55%
BNTom Heinsohn
27%
BNBill Sharman
22%

Score Distribution

Percentile by Number Answered

Percent of People with Each Score

Your Score History

You have not taken this quiz